000 00732cac a2200241 a 4500
003 CO-PeBPM
005 20250701221239.0
008 250701e1973 |||||||| |||| 00| 0 spa d
040 0 _aCO-PeBPM
_bspa
_cCO-PeBPM
_erda
041 0 _aspa
082 0 4 _a301.15 K65p
100 _aKlineberg, Otto
_eautor
245 1 0 _aPsicología Social
_c/ Otto Klineberg
250 _aTercera Reimpresión
260 _aMéxico
_bFondo de Cultura Económica
_c1963
300 _a582 Páginas
_c; 19.5 centímetros
490 _aBiblioteca de psicología y psicoanálisis
500 _aIncluye Índice
504 _aIncluye Bibliografía
650 _a Psicología social
_2LEMB
700 _aVictorino Pérez
_eTraductor
942 _2ddc
_cBK
_n0
999 _c60983
_d60983